| 000 | 00446nam a2200157Ia 4500 | ||
|---|---|---|---|
| 008 | 210716s2004 xx 000 0 und d | ||
| 020 | _a70535140 | ||
| 041 | _aeng | ||
| 082 | _a621.3822 SUDA | ||
| 100 | _aSudhakar, A; Palli, Shyammohan; Metta, Ravindra Reddy. | ||
| 245 | _aSignals and systems. | ||
| 250 | _a1 | ||
| 260 |
_aNew Delhi _bTata McGraw Hill Publishing Company Ltd _c2004 |
||
| 300 | _axiii,6.35,i.3 | ||
| 650 | _aDigital Systems | ||
| 999 |
_c186911 _d186911 |
||